| 000 | 00381nam a22001337a 4500 | ||
|---|---|---|---|
| 999 |
_c7705 _d7705 |
||
| 008 | 190308b ||||| |||| 00| 0 eng d | ||
| 020 | _a9789351525356 | ||
| 082 | _a612 A82p 2015 | ||
| 100 | _aAshalotha, Pr. | ||
| 245 | _aPractice workbook in Anatomy and Physiology. | ||
| 260 |
_aNew Delhi ; _bJaypee Brothers medical publishers, _c2015. |
||
| 300 |
_a162 p. _c27 cm. |
||
| 942 | _2ddc | ||